Business communication today. / (Record no. 8207)

MARC details
000 -LEADER
fixed length control field 02220cam a2200337 a 4500
001 - CONTROL NUMBER
control field 16797865
003 - CONTROL NUMBER IDENTIFIER
control field OSt
005 - DATE AND TIME OF LATEST TRANSACTION
control field 20211207130025.0
008 - FIXED-LENGTH DATA ELEMENTS--GENERAL INFORMATION
fixed length control field 110526s2012 maua b 001 0 eng
010 ## - LIBRARY OF CONGRESS CONTROL NUMBER
LC control number 2011022339
020 ## - INTERNATIONAL STANDARD BOOK NUMBER
International Standard Book Number 9780132539555
020 ## - INTERNATIONAL STANDARD BOOK NUMBER
International Standard Book Number 0132539551
040 ## - CATALOGING SOURCE
Original cataloging agency DLC
Transcribing agency LC
Modifying agency DLC
042 ## - AUTHENTICATION CODE
Authentication code pcc
043 ## - GEOGRAPHIC AREA CODE
Geographic area code n-us---
050 00 - LIBRARY OF CONGRESS CALL NUMBER
Classification number HF5718.B66(11e)
082 00 - DEWEY DECIMAL CLASSIFICATION NUMBER
Classification number 658.4/5
Edition number 23
100 1# - MAIN ENTRY--PERSONAL NAME
Personal name Bovée, Courtland L.
245 10 - TITLE STATEMENT
Title Business communication today. /
Statement of responsibility, etc. Courtland L. Bovee, John V. Thill.
250 ## - EDITION STATEMENT
Edition statement 11th ed.
260 ## - PUBLICATION, DISTRIBUTION, ETC.
Place of publication, distribution, etc. Boston:
Name of publisher, distributor, etc. Pearson,
Date of publication, distribution, etc. 2012.
300 ## - PHYSICAL DESCRIPTION
Extent xxxviii, [various paging]:
Other physical details col. ill. ;
Dimensions 29 cm.
504 ## - BIBLIOGRAPHY, ETC. NOTE
Bibliography, etc. note Includes bibliographical references and indexes.
505 ## - FORMATTED CONTENTS NOTE
Formatted contents note Contents: 1. Understanding the foundations of business communication: Achieving success through effective business communication -- Mastering team skills and interpersonal communication -- Communicating in a world of diversity -- 2. Applying the three-step writing process: Planning business messages -- Writing business messages -- Completing business messages -- 3. Crafting brief messages: Crafting messages for electronic media -- Writing routine and positive messages -- Writing persuasive messages -- 4. Supporting messages with quality information: Finding, evaluating, and processing information -- Designing visual communication -- 5. Planning, writing, and delivering reports and proposals: Planning reports and proposals -- Writing reports and proposals -- Completing reports and proposals -- 6. Designing and delivering oral and online presentations: Developing oral and online presentations -- Enhancing presentations with slides and other visuals -- 7. Writing employment messages and interviewing for jobs: Building careers and writing resumes -- Applying and interviewing for employment --
650 #0 - SUBJECT ADDED ENTRY--TOPICAL TERM
Topical term or geographic name entry element Business communication
Geographic subdivision United States
Form subdivision Case studies.
650 #0 - SUBJECT ADDED ENTRY--TOPICAL TERM
Topical term or geographic name entry element Communication in organizations
Geographic subdivision United States
Form subdivision Case studies.
700 1# - ADDED ENTRY--PERSONAL NAME
Personal name Thill, John V.
906 ## - LOCAL DATA ELEMENT F, LDF (RLIN)
a 7
b cbc
c orignew
d 1
e ecip
f 20
g y-gencatlg
942 ## - ADDED ENTRY ELEMENTS (KOHA)
Source of classification or shelving scheme Library of Congress Classification
Koha item type Books
Holdings
Withdrawn status Lost status Source of classification or shelving scheme Damaged status Not for loan Home library Current library Shelving location Date acquired Total Checkouts Full call number Barcode Date last seen Copy number Price effective from Koha item type
    Library of Congress Classification     WISCONSIN INTERNATIONAL UNIVERSITY COLLEGE, GHANA KUMASI LIBRARY WISCONSIN INTERNATIONAL UNIVERSITY COLLEGE, GHANA KUMASI LIBRARY General Stacks 11/11/2019   HF5718.B66(11e) K/2029/2029/19 07/12/2021 1 07/12/2021 Books
    Library of Congress Classification     WISCONSIN INTERNATIONAL UNIVERSITY COLLEGE, GHANA KUMASI LIBRARY WISCONSIN INTERNATIONAL UNIVERSITY COLLEGE, GHANA KUMASI LIBRARY General Stacks 11/11/2019   HF5718.B661(11e) K/2030/2030/19 07/12/2021 2 07/12/2021 Books

If you have any concerns or questions; kindly contact the library


© Powered by WIUC ICT DIRECTORATE